<?xml version="1.0" encoding="UTF-8"?>
<record
    xmlns:xsi="http://www.w3.org/2001/XMLSchema-instance"
    xsi:schemaLocation="http://www.loc.gov/MARC21/slim http://www.loc.gov/standards/marcxml/schema/MARC21slim.xsd"
    xmlns="http://www.loc.gov/MARC21/slim">

  <leader>04580nam0a22005771  4500</leader>
  <controlfield tag="001">RU\NLR\A1\25278</controlfield>
  <controlfield tag="005">20260407111928.0</controlfield>
  <datafield tag="035" ind1=" " ind2=" ">
    <subfield code="a">(NLR Aleph) 009679602</subfield>
  </datafield>
  <datafield tag="090" ind1=" " ind2=" ">
    <subfield code="a">9696730</subfield>
    <subfield code="c">9696730</subfield>
  </datafield>
  <datafield tag="100" ind1=" " ind2=" ">
    <subfield code="a">19990412d1729    m  y0rusy50      ca</subfield>
  </datafield>
  <datafield tag="101" ind1="0" ind2=" ">
    <subfield code="a">rus</subfield>
  </datafield>
  <datafield tag="102" ind1=" " ind2=" ">
    <subfield code="a">RU</subfield>
  </datafield>
  <datafield tag="135" ind1=" " ind2=" ">
    <subfield code="a">crcn 024anaba</subfield>
  </datafield>
  <datafield tag="140" ind1=" " ind2=" ">
    <subfield code="a">y   y    da        yaa0000  </subfield>
  </datafield>
  <datafield tag="200" ind1="1" ind2=" ">
    <subfield code="a">&#x412;&#x441;&#x435;&#x43F;&#x440;&#x435;&#x441;&#x432;&#x435;&#x442;&#x43B;&#x435;&#x438;&#x448;&#x430;&#x433;&#x43E;, &#x441;&#x430;&#x43C;&#x43E;&#x434;&#x435;&#x440;&#x436;&#x430;&#x432;&#x43D;&#x435;&#x438;&#x448;&#x430;&#x433;&#x43E;, &#x432;&#x435;&#x43B;&#x438;&#x43A;&#x43E;&#x433;&#x43E; &#x433;&#x43E;&#x441;&#x443;&#x434;&#x430;&#x440;&#x44F; &#x41F;&#x435;&#x442;&#x440;&#x430; &#x410;&#x43B;&#x435;&#x43A;&#x441;&#x438;&#x435;&#x432;&#x438;&#x447;&#x430; &#x412;&#x442;&#x43E;&#x440;&#x430;&#x433;&#x43E;, &#x438;&#x43C;&#x43F;&#x435;&#x440;&#x430;&#x442;&#x43E;&#x440;&#x430; &#x438; &#x441;&#x430;&#x43C;&#x43E;&#x434;&#x435;&#x440;&#x436;&#x446;&#x430; &#x432;&#x441;&#x435;&#x440;&#x43E;&#x441;&#x441;&#x438;&#x438;&#x441;&#x43A;&#x43E;&#x433;&#x43E;. &#x423;&#x43A;&#x430;&#x437;&#x44B; 1728 &#x433;&#x43E;&#x434;&#x430;,</subfield>
    <subfield code="e">&#x441;&#x43E;&#x441;&#x442;&#x43E;&#x44F;&#x432;&#x448;&#x438;&#x44F;&#x441;&#x44F; &#x432; &#x412;&#x435;&#x440;&#x445;&#x43E;&#x432;&#x43D;&#x43E;&#x43C; &#x442;&#x430;&#x438;&#x43D;&#x43E;&#x43C; &#x441;&#x43E;&#x432;&#x435;&#x442;&#x435;, &#x442;&#x430;&#x43A;&#x43E;&#x436;&#x434;&#x435; &#x438;&#x437; &#x421;&#x435;&#x43D;&#x430;&#x442;&#x430; &#x43F;&#x43E;&#x441;&#x43B;&#x430;&#x43D;&#x43D;&#x44B;&#x44F;.</subfield>
    <subfield code="e">&#x41D;&#x435;&#x43A;&#x43E;&#x442;&#x43E;&#x440;&#x44B;&#x44F; &#x43F;&#x443;&#x431;&#x43B;&#x438;&#x43A;&#x43E;&#x432;&#x430;&#x43D;&#x43D;&#x44B;&#x44F; &#x432; &#x43D;&#x430;&#x440;&#x43E;&#x434;, &#x430; &#x434;&#x440;&#x443;&#x433;&#x438;&#x44F; &#x440;&#x43E;&#x437;&#x43E;&#x441;&#x43B;&#x430;&#x43D;&#x43D;&#x44B;&#x44F; &#x432;&#x43E; &#x432;&#x441;&#x435; &#x433;&#x443;&#x431;&#x435;&#x440;&#x43D;&#x438;&#x438; &#x438; &#x43F;&#x440;&#x43E;&#x432;&#x438;&#x43D;&#x446;&#x438;&#x438;, &#x434;&#x430; &#x431;&#x44B; &#x43E; &#x442;&#x430;&#x43A;&#x438;&#x445; &#x443;&#x43A;&#x430;&#x437;&#x435;&#x445; &#x432; &#x43D;&#x430;&#x434;&#x43B;&#x435;&#x436;&#x430;&#x449;&#x438;&#x445; &#x43C;&#x435;&#x441;&#x442;&#x435;&#x445; &#x43A; &#x440;&#x435;&#x448;&#x435;&#x43D;&#x438;&#x44F;&#x43C; &#x438;&#x441;&#x43F;&#x440;&#x430;&#x432;&#x43A;&#x430;&#x43C;, &#x441;&#x43A;&#x43E;&#x440;&#x43E;&#x438; &#x432; &#x43E;&#x434;&#x43D;&#x43E;&#x438; &#x43A;&#x43D;&#x438;&#x433;&#x435; &#x43F;&#x440;&#x438;&#x438;&#x441;&#x43A;, &#x438;&#x43B;&#x438; &#x438;&#x437;&#x432;&#x435;&#x441;&#x442;&#x438;&#x435; &#x431;&#x44B;&#x43B;&#x43E;.</subfield>
    <subfield code="e">&#x41F;&#x440;&#x438; &#x421;&#x435;&#x43D;&#x430;&#x442;&#x435; &#x441;&#x43E;&#x431;&#x440;&#x430;&#x43D;&#x44B;, &#x438; &#x43D;&#x430;&#x43F;&#x435;&#x447;&#x430;&#x442;&#x430;&#x43D;&#x44B; 1729</subfield>
  </datafield>
  <datafield tag="210" ind1=" " ind2=" ">
    <subfield code="a">[&#x421;&#x430;&#x43D;&#x43A;&#x442;-&#x41F;&#x435;&#x442;&#x435;&#x440;&#x431;&#x443;&#x440;&#x433;</subfield>
    <subfield code="c">&#x421;&#x435;&#x43D;&#x430;&#x442;. &#x442;&#x438;&#x43F;.</subfield>
    <subfield code="d">1729]</subfield>
  </datafield>
  <datafield tag="215" ind1=" " ind2=" ">
    <subfield code="a">[2], 2, 110 &#x441;.</subfield>
    <subfield code="d">2&#xB0;</subfield>
  </datafield>
  <datafield tag="316" ind1=" " ind2=" ">
    <subfield code="a">&#x42D;&#x43A;&#x437;. &#x420;&#x41D;&#x411; (18.47.2.36) &#x432; &#x43A;&#x430;&#x440;&#x442;&#x43E;&#x43D;. &#x43A;&#x43E;&#x440;&#x438;&#x447;&#x43D;&#x435;&#x432;&#x43E;&#x43C; &#x446;&#x435;&#x43B;&#x44C;&#x43D;&#x43E;&#x43A;&#x43E;&#x436;&#x430;&#x43D;&#x43E;&#x43C; &#x43F;&#x435;&#x440;. &#x41A;&#x440;&#x44B;&#x448;&#x43A;&#x438; &#x43F;&#x435;&#x440;. &#x443;&#x43A;&#x440;&#x430;&#x448;&#x435;&#x43D;&#x44B; &#x440;&#x430;&#x43C;&#x43A;&#x430;&#x43C;&#x438; &#x431;&#x43B;&#x438;&#x43D;&#x442;. &#x442;&#x438;&#x441;&#x43D;&#x435;&#x43D;&#x438;&#x44F;. &#x41D;&#x430; &#x43D;&#x438;&#x436;&#x43D;&#x435;&#x439; &#x43A;&#x440;&#x44B;&#x448;&#x43A;&#x435; &#x43F;&#x435;&#x440;. &#x43D;&#x430;&#x43A;&#x43B;&#x435;&#x439;&#x43A;&#x430; &#x441; &#x448;&#x438;&#x444;&#x440;&#x43E;&#x43C; &#x420;&#x41D;&#x411;. &#x41A;&#x43E;&#x440;&#x435;&#x448;&#x43E;&#x43A; &#x441; 4-&#x43C;&#x44F; &#x431;&#x438;&#x43D;&#x442;&#x430;&#x43C;&#x438;. &#x41D;&#x430; &#x43A;&#x43E;&#x440;&#x435;&#x448;&#x43A;&#x435; &#x444;&#x440;&#x430;&#x433;&#x43C;. &#x431;&#x443;&#x43C;&#x430;&#x436;. &#x43D;&#x430;&#x43A;&#x43B;&#x435;&#x439;&#x43A;&#x438; &#x438; &#x431;&#x443;&#x43C;&#x430;&#x436;. &#x43D;&#x430;&#x43A;&#x43B;&#x435;&#x439;&#x43A;&#x430; &#x441; &#x443;&#x43A;&#x430;&#x437;&#x430;&#x43D;&#x438;&#x435;&#x43C; &#x43F;&#x43E;&#x440;&#x44F;&#x434;&#x43A;&#x43E;&#x432;&#x43E;&#x433;&#x43E; &#x43D;&#x43E;&#x43C;&#x435;&#x440;&#x430; &#x43A;&#x43D;&#x438;&#x433;&#x438; &#x43D;&#x430; &#x43F;&#x43E;&#x43B;&#x43A;&#x435;: "36". &#x41E;&#x431;&#x440;&#x435;&#x437; &#x43A;&#x440;&#x430;&#x43F;&#x447;&#x430;&#x442;&#x44B;&#x439; &#x441;&#x438;&#x43D;&#x438;&#x439;. &#x41F;&#x440;&#x430;&#x432;&#x430;&#x44F; &#x441;&#x442;&#x43E;&#x440;&#x43E;&#x43D;&#x430; &#x444;&#x43E;&#x440;&#x437;&#x430;&#x446;&#x430; &#x438; &#x43B;&#x435;&#x432;&#x430;&#x44F; &#x441;&#x442;&#x43E;&#x440;&#x43E;&#x43D;&#x430; &#x43D;&#x430;&#x445;&#x437;&#x430;&#x446;&#x430; &#x43E;&#x442;&#x441;&#x443;&#x442;&#x441;&#x442;&#x432;&#x443;&#x44E;&#x442;. &#x41D;&#x430; &#x444;&#x43E;&#x440;&#x437;&#x430;&#x446;&#x435; &#x44F;&#x440;&#x43B;&#x44B;&#x43A; &#x441; &#x448;&#x438;&#x444;&#x440;&#x43E;&#x43C; &#x420;&#x41D;&#x411;. &#x41D;&#x430; &#x442;&#x438;&#x442;. &#x43B;., &#x441;.2 (1-&#x439; &#x43F;&#x430;&#x433;.) &#x438; 33 &#x43A;&#x440;&#x443;&#x433;&#x43B;&#x44B;&#x439; &#x448;&#x442;&#x430;&#x43C;&#x43F; &#x413;&#x41F;&#x411;. &#x41D;&#x430; &#x43D;&#x430;&#x445;&#x437;&#x430;&#x446;&#x435; &#x432;&#x43B;&#x430;&#x434;&#x435;&#x43B;&#x44C;&#x447;. &#x437;&#x430;&#x43F;&#x438;&#x441;&#x44C;: "&#x41A;&#x443;&#x43F;&#x43B;&#x435;&#x43D;&#x430; &#x432; &#x41C;&#x43E;&#x441;&#x43A;&#x432;&#x435; &#x43C;&#x430;&#x440;&#x442;&#x430; 10 &#x433;&#x43E; &#x434;&#x43D;&#x44F; 1738 &#x433;&#x43E;&#x434;&#x443; &#x434;&#x430;&#x43D;&#x430; 80". &#x421;.1-2 (1-&#x439; &#x43F;&#x430;&#x433;.) &#x441; &#x440;&#x435;&#x435;&#x441;&#x442;&#x440;&#x43E;&#x43C; &#x443;&#x43A;&#x430;&#x437;&#x43E;&#x432; &#x43F;&#x440;&#x438;&#x43F;&#x43B;. &#x43F;&#x43E;&#x441;&#x43B;&#x435; &#x441;.100. &#x41F;&#x430;&#x433;. &#x44D;&#x43A;&#x437;.: [2], 110, 2 &#x441;. &#x412;&#x435;&#x440;&#x445;&#x43D;&#x44F;&#x44F; &#x447;&#x430;&#x441;&#x442;&#x44C; &#x43A;&#x43E;&#x440;&#x435;&#x448;&#x43A;&#x430; &#x440;&#x430;&#x437;&#x43E;&#x440;&#x432;&#x430;&#x43D;&#x430;. &#x41D;&#x430;&#x440;&#x443;&#x448;&#x435;&#x43D;&#x43E; &#x43A;&#x440;&#x435;&#x43F;&#x43B;&#x435;&#x43D;&#x438;&#x435; &#x43A;&#x43E;&#x440;&#x435;&#x448;&#x43A;&#x430; &#x438; &#x43D;&#x438;&#x436;&#x43D;&#x435;&#x439; &#x43A;&#x440;&#x44B;&#x448;&#x43A;&#x438; &#x43F;&#x435;&#x440;. &#x43A; &#x43A;&#x43D;&#x438;&#x436;. &#x431;&#x43B;&#x43E;&#x43A;&#x443;. &#x420;&#x430;&#x437;&#x43C;&#x435;&#x440;: 30,5&#x445;21&#x445;1,8 &#x441;&#x43C;</subfield>
    <subfield code="5">NLR: 18.47.2.36</subfield>
  </datafield>
  <datafield tag="317" ind1=" " ind2=" ">
    <subfield code="a">&#x42D;&#x43A;&#x437;. &#x417;&#x41D;&#x411; &#x421;&#x413;&#x423; &#x438;&#x437; &#x431;-&#x43A;&#x438; &#x41F;. &#x41C;. &#x41C;&#x430;&#x43B;&#x44C;&#x446;&#x435;&#x432;&#x430;</subfield>
    <subfield code="5">&#x417;&#x41D;&#x411; &#x421;&#x413;&#x423;</subfield>
  </datafield>
  <datafield tag="321" ind1="1" ind2=" ">
    <subfield code="a">&#x421;&#x41A; XVIII 7467</subfield>
  </datafield>
  <datafield tag="325" ind1=" " ind2=" ">
    <subfield code="a">&#x41A;&#x43E;&#x43F;&#x438;&#x44F; &#x434;&#x43E;&#x441;&#x442;&#x443;&#x43F;&#x43D;&#x430; &#x432; &#x42D;&#x43B;&#x435;&#x43A;&#x442;&#x440;&#x43E;&#x43D;. &#x431;-&#x43A;&#x435; &#x420;&#x41D;&#x411;</subfield>
  </datafield>
  <datafield tag="517" ind1="1" ind2=" ">
    <subfield code="a">&#x423;&#x43A;&#x430;&#x437;&#x44B; 1728 &#x433;&#x43E;&#x434;&#x430;</subfield>
  </datafield>
  <datafield tag="518" ind1="1" ind2=" ">
    <subfield code="a">&#x412;&#x441;&#x435;&#x43F;&#x440;&#x435;&#x441;&#x432;&#x435;&#x442;&#x43B;&#x435;&#x439;&#x448;&#x435;&#x433;&#x43E;, &#x441;&#x430;&#x43C;&#x43E;&#x434;&#x435;&#x440;&#x436;&#x430;&#x432;&#x43D;&#x435;&#x439;&#x448;&#x435;&#x433;&#x43E;, &#x432;&#x435;&#x43B;&#x438;&#x43A;&#x43E;&#x433;&#x43E; &#x433;&#x43E;&#x441;&#x443;&#x434;&#x430;&#x440;&#x44F; &#x41F;&#x435;&#x442;&#x440;&#x430; &#x410;&#x43B;&#x435;&#x43A;&#x441;&#x435;&#x435;&#x432;&#x438;&#x447;&#x430; &#x412;&#x442;&#x43E;&#x440;&#x43E;&#x433;&#x43E;, &#x438;&#x43C;&#x43F;&#x435;&#x440;&#x430;&#x442;&#x43E;&#x440;&#x430; &#x438; &#x441;&#x430;&#x43C;&#x43E;&#x434;&#x435;&#x440;&#x436;&#x446;&#x430; &#x432;&#x441;&#x435;&#x440;&#x43E;&#x441;&#x441;&#x438;&#x439;&#x441;&#x43A;&#x43E;&#x433;&#x43E;. &#x423;&#x43A;&#x430;&#x437;&#x44B; 1728 &#x433;&#x43E;&#x434;&#x430;</subfield>
  </datafield>
  <datafield tag="620" ind1=" " ind2=" ">
    <subfield code="d">&#x421;&#x430;&#x43D;&#x43A;&#x442;-&#x41F;&#x435;&#x442;&#x435;&#x440;&#x431;&#x443;&#x440;&#x433;</subfield>
  </datafield>
  <datafield tag="702" ind1=" " ind2="0">
    <subfield code="4">720</subfield>
    <subfield code="8">rus</subfield>
    <subfield code="7">ca</subfield>
    <subfield code="a">&#x41F;&#x435;&#x442;&#x440;</subfield>
    <subfield code="c">&#x438;&#x43C;&#x43F;&#x435;&#x440;&#x430;&#x442;&#x43E;&#x440; &#x440;&#x43E;&#x441;&#x441;&#x438;&#x439;&#x441;&#x43A;&#x438;&#x439;</subfield>
    <subfield code="d">II</subfield>
    <subfield code="f">1715-1730</subfield>
    <subfield code="3">RU\NLR\AUTH\7713845</subfield>
    <subfield code="9">123527</subfield>
  </datafield>
  <datafield tag="702" ind1=" " ind2="1">
    <subfield code="a">&#x41C;&#x430;&#x43B;&#x44C;&#x446;&#x435;&#x432;</subfield>
    <subfield code="b">&#x41F;. &#x41C;.</subfield>
    <subfield code="g">&#x41F;&#x430;&#x438;&#x441;&#x438;&#x439; &#x41C;&#x438;&#x445;&#x430;&#x439;&#x43B;&#x43E;&#x432;&#x438;&#x447;</subfield>
    <subfield code="5">&#x417;&#x41D;&#x411; &#x421;&#x413;&#x423;</subfield>
    <subfield code="4">390</subfield>
  </datafield>
  <datafield tag="710" ind1="0" ind2="1">
    <subfield code="a">&#x420;&#x43E;&#x441;&#x441;&#x438;&#x44F;</subfield>
    <subfield code="b">&#x418;&#x43C;&#x43F;&#x435;&#x440;&#x430;&#x442;&#x43E;&#x440;</subfield>
    <subfield code="c">1727-1730; &#x41F;&#x435;&#x442;&#x440; II</subfield>
    <subfield code="3">RU\NLR\AUTH\8810042739</subfield>
    <subfield code="9">584923</subfield>
  </datafield>
  <datafield tag="712" ind1="0" ind2="2">
    <subfield code="4">610</subfield>
    <subfield code="a">&#x421;&#x435;&#x43D;&#x430;&#x442;&#x441;&#x43A;&#x430;&#x44F; &#x442;&#x438;&#x43F;&#x43E;&#x433;&#x440;&#x430;&#x444;&#x438;&#x44F;</subfield>
    <subfield code="c">&#x41F;&#x435;&#x442;&#x435;&#x440;&#x431;&#x443;&#x440;&#x433;</subfield>
    <subfield code="3">RU\NLR\AUTH\889940127</subfield>
    <subfield code="9">375085</subfield>
  </datafield>
  <datafield tag="801" ind1=" " ind2="0">
    <subfield code="a">RU</subfield>
    <subfield code="b">NLR</subfield>
    <subfield code="c">19990412</subfield>
  </datafield>
  <datafield tag="852" ind1=" " ind2=" ">
    <subfield code="a">NLR</subfield>
    <subfield code="j">18.47.2.36</subfield>
  </datafield>
  <datafield tag="856" ind1=" " ind2="0">
    <subfield code="u">https://vivaldi.nlr.ru/bx000024827/view</subfield>
  </datafield>
  <datafield tag="856" ind1=" " ind2="1">
    <subfield code="u">https://vivaldi.nlr.ru/bx000024827/cover</subfield>
  </datafield>
  <datafield tag="856" ind1=" " ind2="2">
    <subfield code="u">https://vivaldi.nlr.ru/bx000024827/text</subfield>
  </datafield>
  <datafield tag="899" ind1=" " ind2=" ">
    <subfield code="a">&#x417;&#x41D;&#x411; &#x421;&#x413;&#x423;</subfield>
  </datafield>
  <datafield tag="899" ind1=" " ind2=" ">
    <subfield code="a">&#x420;&#x413;&#x411;</subfield>
  </datafield>
  <datafield tag="899" ind1=" " ind2=" ">
    <subfield code="a">&#x411;&#x410;&#x41D;</subfield>
  </datafield>
  <datafield tag="899" ind1=" " ind2=" ">
    <subfield code="a">&#x417;&#x41D;&#x411; &#x412;&#x413;&#x423;</subfield>
  </datafield>
  <datafield tag="899" ind1=" " ind2=" ">
    <subfield code="a">&#x413;&#x41F;&#x418;&#x411;</subfield>
  </datafield>
  <datafield tag="942" ind1=" " ind2=" ">
    <subfield code="c">BOOK</subfield>
  </datafield>
  <datafield tag="980" ind1=" " ind2=" ">
    <subfield code="a">NB</subfield>
  </datafield>
  <datafield tag="980" ind1="3" ind2=" ">
    <subfield code="a">kpcivil</subfield>
  </datafield>
  <datafield tag="980" ind1="3" ind2=" ">
    <subfield code="a">kp2021</subfield>
  </datafield>
  <datafield tag="980" ind1="3" ind2=" ">
    <subfield code="a">kp</subfield>
  </datafield>
  <datafield tag="980" ind1=" " ind2=" ">
    <subfield code="a">A1XVIIIv</subfield>
  </datafield>
  <datafield tag="981" ind1="1" ind2="6">
    <subfield code="a">(16) &#x417;&#x430;&#x43A;&#x43E;&#x43D;&#x43E;&#x434;&#x430;&#x442;&#x435;&#x43B;&#x44C;&#x43D;&#x44B;&#x435; &#x430;&#x43A;&#x442;&#x44B; &#x420;&#x43E;&#x441;&#x441;&#x438;&#x439;&#x441;&#x43A;&#x43E;&#x439; &#x438;&#x43C;&#x43F;&#x435;&#x440;&#x438;&#x438;</subfield>
  </datafield>
  <datafield tag="981" ind1="2" ind2="2">
    <subfield code="a">(22) &#x41C;&#x430;&#x442;&#x435;&#x440;&#x438;&#x430;&#x43B;&#x44B; &#x43F;&#x43E; &#x438;&#x441;&#x442;&#x43E;&#x440;&#x438;&#x438; &#x420;&#x43E;&#x441;&#x441;&#x438;&#x438;</subfield>
    <subfield code="b">(22) &#x421;&#x435;&#x43D;&#x430;&#x442;</subfield>
  </datafield>
  <datafield tag="981" ind1="2" ind2="0">
    <subfield code="a">(20) &#x41A;&#x43D;&#x438;&#x436;&#x43D;&#x44B;&#x435; &#x43F;&#x430;&#x43C;&#x44F;&#x442;&#x43D;&#x438;&#x43A;&#x438; &#x420;&#x41D;&#x411;</subfield>
    <subfield code="b">(20) &#x420;&#x443;&#x441;&#x441;&#x43A;&#x438;&#x439; &#x43A;&#x43D;&#x438;&#x436;&#x43D;&#x44B;&#x439; &#x444;&#x43E;&#x43D;&#x434;</subfield>
  </datafield>
  <datafield tag="995" ind1=" " ind2=" ">
    <subfield code="5">2016-05-13</subfield>
    <subfield code="b">NLR02</subfield>
    <subfield code="c">NLR02</subfield>
    <subfield code="e">RFS</subfield>
    <subfield code="f">9679602-10</subfield>
    <subfield code="k">18.47.2.36</subfield>
    <subfield code="o">0</subfield>
    <subfield code="r">BOOK</subfield>
    <subfield code="s">1847236_</subfield>
  </datafield>
</record>
